<?xml version="1.0" encoding="UTF-8"?>
<record
    xmlns:xsi="http://www.w3.org/2001/XMLSchema-instance"
    xsi:schemaLocation="http://www.loc.gov/MARC21/slim http://www.loc.gov/standards/marcxml/schema/MARC21slim.xsd"
    xmlns="http://www.loc.gov/MARC21/slim">

  <leader>00879nam a22002297a 4500</leader>
  <controlfield tag="005">20140421111227.0</controlfield>
  <controlfield tag="008">140421s2010    ck ado gr|||| 00| 0 spa d</controlfield>
  <datafield tag="020" ind1=" " ind2=" ">
    <subfield code="a">9789589936337</subfield>
  </datafield>
  <datafield tag="041" ind1=" " ind2=" ">
    <subfield code="a">spa</subfield>
  </datafield>
  <datafield tag="044" ind1=" " ind2=" ">
    <subfield code="a">ck</subfield>
  </datafield>
  <datafield tag="082" ind1=" " ind2=" ">
    <subfield code="a">580.7</subfield>
    <subfield code="b">G56f</subfield>
  </datafield>
  <datafield tag="100" ind1="1" ind2=" ">
    <subfield code="a">G&#xF3;mez Restrepo, Martha Ligia</subfield>
    <subfield code="9">21930</subfield>
  </datafield>
  <datafield tag="245" ind1="1" ind2="0">
    <subfield code="a">Fenolog&#xED;a reproductiva de especies forestales nativas presentes en la jurisdicci&#xF3;n de Corantioquia</subfield>
    <subfield code="b">un paso hacia su conservaci&#xF3;n</subfield>
    <subfield code="c">Martha Ligia G&#xF3;mez Restrepo</subfield>
  </datafield>
  <datafield tag="260" ind1="3" ind2=" ">
    <subfield code="a">Medell&#xED;n</subfield>
    <subfield code="b">Croantioquia</subfield>
    <subfield code="c">2010</subfield>
  </datafield>
  <datafield tag="300" ind1=" " ind2=" ">
    <subfield code="a">224 p.</subfield>
    <subfield code="b">il., fot., tablas, gr&#xE1;ficas</subfield>
    <subfield code="c">28 cm</subfield>
  </datafield>
  <datafield tag="504" ind1=" " ind2=" ">
    <subfield code="a">Incluye bibliograf&#xED;a (p&#xE1;ginas 219 - 224)</subfield>
  </datafield>
  <datafield tag="650" ind1=" " ind2="4">
    <subfield code="a">Fenolog&#xED;a</subfield>
    <subfield code="z">Colombia</subfield>
    <subfield code="9">23697</subfield>
  </datafield>
  <datafield tag="650" ind1=" " ind2="4">
    <subfield code="a">Investigaci&#xF3;n forestal</subfield>
    <subfield code="x">Especies nativas</subfield>
    <subfield code="z">Colombia</subfield>
    <subfield code="9">23698</subfield>
  </datafield>
  <datafield tag="650" ind1=" " ind2="4">
    <subfield code="a">Flora nativa</subfield>
    <subfield code="z">Colombia</subfield>
    <subfield code="9">23699</subfield>
  </datafield>
  <datafield tag="650" ind1=" " ind2="4">
    <subfield code="a">Memorial Institucional</subfield>
    <subfield code="z">Colombia</subfield>
    <subfield code="9">23700</subfield>
  </datafield>
  <datafield tag="942" ind1=" " ind2=" ">
    <subfield code="2">ddc</subfield>
    <subfield code="c">Impreso</subfield>
  </datafield>
  <datafield tag="999" ind1=" " ind2=" ">
    <subfield code="c">8389</subfield>
    <subfield code="d">8389</subfield>
  </datafield>
</record>
